书目信息 |
| 题名: |
丝
|
|
| 作者: | 胡泽曼 著 ;李怡岚 译 | |
| 分册: | ||
| 出版信息: | 北京 北京联合出版公司 2019.01 |
|
| 页数: | 334页 | |
| 开本: | 21cm | |
| 丛书名: | ||
| 单 册: | ||
| 中图分类: | I516.45 | |
| 科图分类: | ||
| 主题词: | 长篇小说--chang pian xiao shuo--德国--现代 | |
| 电子资源: | ||
| ISBN: | 978-7-5596-2464-2 | |
| 000 | 00945nam0 2200253 450 | |
| 001 | 202019137312 | |
| 005 | 20191026133320.0 | |
| 010 | @a978-7-5596-2464-2@b精装@dCNY52.00 | |
| 100 | @a20191022d2019 em y0chiy50 ea | |
| 101 | 1 | @achi@cger |
| 102 | @aCN@b110000 | |
| 105 | @ay z 000ay | |
| 106 | @ar | |
| 200 | 1 | @a丝@Asi@f(德) 迪尔克·胡泽曼著@d= Die Seidendiebe@fDirk Husemann@g李怡岚译@zger |
| 210 | @a北京@c北京联合出版公司@d2019.01 | |
| 215 | @a334页@d21cm | |
| 330 | @a公元6-7世纪, 东罗马帝国与波斯萨珊王朝为争夺东西方商路和小亚细亚霸权展开征战, 史称拜占庭-波斯战争。波斯封锁了所有贸易线路, 拜占庭人不得不从源头下手 —— 破解丝绸生产的秘密…… | |
| 500 | 10 | @aDie Seidendiebe@mChinese |
| 606 | 0 | @a长篇小说@Achang pian xiao shuo@y德国@z现代 |
| 690 | @aI516.45@v5 | |
| 701 | 1 | @a胡泽曼@Ahu ze man@g(Husemann, Dirk)@4著 |
| 702 | 0 | @a李怡岚@Ali yi lan@4译 |
| 801 | 0 | @aCN@c20190905 |
| 905 | @a河南城建学院图书馆@dI516.45@eH534 | |
| 丝/(德) 迪尔克·胡泽曼著= Die Seidendiebe/Dirk Husemann/李怡岚译.-北京:北京联合出版公司,2019.01 |
| 334页;21cm |
| ISBN 978-7-5596-2464-2(精装):CNY52.00 |
| 公元6-7世纪, 东罗马帝国与波斯萨珊王朝为争夺东西方商路和小亚细亚霸权展开征战, 史称拜占庭-波斯战争。波斯封锁了所有贸易线路, 拜占庭人不得不从源头下手 —— 破解丝绸生产的秘密…… |
| ● |
| 相关链接 |
|
|
|
正题名:丝
索取号:I516.45/H534
 
预约/预借
| 序号 | 登录号 | 条形码 | 馆藏地/架位号 | 状态 | 备注 |
| 1 | 1445812 | 214458120 | 文学库116/116文学库 17排6列3层/ [索取号:I516.45/H534] | 在馆 | |
| 2 | 1445813 | 214458139 | 文学库116/116文学库 17排6列3层/ [索取号:I516.45/H534] | 在馆 |